[Event "27th Czech Open A 2016"]
[Site "Pardubice CZE"]
[Date "2016.07.26"]
[Round "5.18"]
[White "Zwardon, Vojtech"]
[Black "Boruchovsky, Avital"]
[Result "0-1"]
[WhiteTitle "IM"]
[BlackTitle "GM"]
[WhiteElo "2421"]
[BlackElo "2531"]
[WhiteFideId "325511"]
[BlackFideId "2800055"]
[EventDate "2016.07.22"]

1. c4 Nf6 2. g3 e6 3. Bg2 d5 4. Nf3 Be7 5. b3 d4 6. O-O O-O 7. Bb2 Nc6 8. e3 e5
9. exd4 exd4 10. d3 Bf5 11. Na3 Nd7 12. Nc2 Nc5 13. Ncxd4 Nxd4 14. Bxd4 Nxd3 15.
Qd2 Bc5 16. Bxc5 Nxc5 17. Qe3 Nd3 18. Rad1 Re8 19. Qd2 Qf6 20. Nh4 Nb2 21. Rde1
Red8 22. Qf4 Bd3 23. Qxf6 gxf6 24. Bxb7 Rab8 25. Bd5 Bxf1 26. Kxf1 Re8 27. Rb1
Nd3 28. Nf5 Nb4 29. Ne3 Rb6 30. Bf3 Ra6 31. Rd1 Rd6 32. a3 Rxd1+ 33. Bxd1 Nd3
34. Bc2 Ne5 35. Nd5 Rd8 36. Ke2 Nc6 37. Nxf6+ Kf8 38. Nd5 Nd4+ 39. Kd3 Nxb3 40.
Kc3 c6 41. Nf4 Nc5 42. h4 h6 43. Ne2 Ne6 44. Be4 Rd6 45. Bf5 Ke7 46. g4 Rd1 47.
Ng3 Ra1 48. Be4 Rxa3+ 49. Kb4 Ra2 50. Nf5+ Kd7 51. f3 a5+ 52. Kc3 Nc5 53. Nxh6
Nxe4+ 54. fxe4 Ke6 55. g5 Rh2 56. Nf5 Rh3+ 57. Kb2 Ke5 58. Nh6 Rxh4 59. Nxf7+
Kxe4 60. Nd8 c5 61. Nc6 Rh3 62. g6 Rg3 63. Nxa5 Kd4 64. Nc6+ Kxc4 65. Ne7 Rg5
66. Kc2 Rg2+ 67. Kc1 Kb3 0-1

[Event "27th Czech Open A 2016"]
[Site "Pardubice CZE"]
[Date "2016.07.26"]
[Round "5.19"]
[White "Domogaev, Sergey"]
[Black "Cvek, Robert"]
[Result "1/2-1/2"]
[WhiteTitle "GM"]
[BlackTitle "GM"]
[WhiteElo "2419"]
[BlackElo "2522"]
[WhiteFideId "24103608"]
[BlackFideId "307424"]
[EventDate "2016.07.22"]

1. d4 e6 2. c4 Bb4+ 3. Bd2 a5 4. Nc3 Nf6 5. Qc2 d5 6. e3 O-O 7. Bd3 b6 8. Nf3
Ba6 9. cxd5 Bxd3 10. Qxd3 exd5 11. O-O Nbd7 12. Rfd1 c6 13. Rac1 Qe7 14. Ne2
Rfc8 15. Qb1 Bd6 16. Nf4 Ne4 17. Be1 g5 18. Ne2 f5 19. Nd2 Qe6 20. Nf1 g4 21.
Nf4 Qf6 22. Qc2 Nf8 23. Qb3 Bxf4 24. exf4 b5 25. Bd2 Ne6 1/2-1/2

[Event "27th Czech Open A 2016"]
[Site "Pardubice CZE"]
[Date "2016.07.26"]
[Round "5.20"]
[White "Alsina Leal, Daniel"]
[Black "Mohammad, Nubairshah Shaikh"]
[Result "1/2-1/2"]
[WhiteTitle "GM"]
[WhiteElo "2521"]
[BlackElo "2415"]
[WhiteFideId "2252627"]
[BlackFideId "5053196"]
[EventDate "2016.07.22"]

1. e4 c5 2. Nf3 e6 3. d4 cxd4 4. Nxd4 a6 5. c4 Nf6 6. Nc3 Qc7 7. a3 b6 8. Be3
Bb7 9. f3 d6 10. Be2 Be7 11. O-O O-O 12. Qd2 Nbd7 13. b4 Rac8 14. Rac1 Qb8 15.
Rc2 Rfe8 16. Kh1 h5 17. Bf2 h4 18. h3 Ne5 19. Na4 Ba8 20. Nb3 Nfd7 21. Rfc1 Nxc4
22. Bxc4 b5 23. Bf1 bxa4 24. Nd4 Rxc2 25. Rxc2 Ne5 26. Qc3 d5 27. exd5 Bxd5 28.
Bxa6 Bf6 29. Qc7 Qa8 30. Be2 Ng6 31. Bb5 Rd8 32. Bc6 Bxc6 33. Nxc6 Rd1+ 34. Kh2
Bg5 35. g3 Rf1 36. Kg2 Rb1 37. Rc5 hxg3 38. Rxg5 gxf2 39. Kxf2 e5 40. Nxe5 Qd5
41. Qc8+ Nf8 42. Qxf8+ Kxf8 43. Ng6+ fxg6 44. Rxd5 Rb3 45. Ke2 Rxa3 46. Rd3 Ra1
47. Rd1 Ra2+ 48. Kd3 Ra3+ 49. Kc4 Rxf3 50. Rd7 Rxh3 51. b5 Ke8 52. Rxg7 Kd8 53.
Kc5 a3 54. Rxg6 a2 55. Ra6 Rh5+ 56. Kb4 Rh2 57. b6 Kc8 58. Ra7 Kb8 59. Kb3 Rh6
60. Rxa2 Rxb6+ 1/2-1/2

[Event "27th Czech Open A 2016"]
[Site "Pardubice CZE"]
[Date "2016.07.26"]
[Round "5.21"]
[White "Schlosser, Philipp"]
[Black "Yankelevich, Lev"]
[Result "1-0"]
[WhiteTitle "GM"]
[WhiteElo "2509"]
[BlackElo "2415"]
[WhiteFideId "4600169"]
[BlackFideId "24684074"]
[EventDate "2016.07.22"]

1. Nf3 d5 2. d4 Nf6 3. Bf4 c5 4. e3 Nc6 5. Nbd2 Bf5 6. dxc5 Bg4 7. Bb5 Qa5 8. c4
a6 9. Bxc6+ bxc6 10. O-O Qxc5 11. Rc1 e6 12. Qa4 Be7 13. Ne5 Rc8 14. Qxa6 O-O
15. Nb3 Qb4 16. Nxc6 Rxc6 17. Qxc6 Be2 18. cxd5 Bxf1 19. Kxf1 Nxd5 20. Bg3 h5
21. Rc4 Qb6 22. Qxb6 Nxb6 23. Rc6 Nd5 24. e4 Nb4 25. Rc7 Re8 26. Nc1 Bf6 27. a3
Na6 28. Rc6 h4 29. Bd6 Nb8 30. Rc2 Nd7 31. Nd3 Rd8 32. Ke2 Bd4 33. Be7 Rb8 34.
Bxh4 Nb6 35. Bg3 1-0

[Event "27th Czech Open A 2016"]
[Site "Pardubice CZE"]
[Date "2016.07.26"]
[Round "5.22"]
[White "Stella, Andrea"]
[Black "Gundavaa, Bayarsaikhan"]
[Result "1/2-1/2"]
[WhiteTitle "IM"]
[BlackTitle "GM"]
[WhiteElo "2409"]
[BlackElo "2503"]
[WhiteFideId "827061"]
[BlackFideId "4901045"]
[EventDate "2016.07.22"]

1. d4 Nf6 2. c4 e6 3. Nc3 Bb4 4. e3 O-O 5. Ne2 d5 6. a3 Be7 7. cxd5 exd5 8. Nf4
Re8 9. Bd3 Bd6 10. O-O Bxf4 11. exf4 Nc6 12. Be3 Ne7 13. Qc2 Qd7 14. f3 c5 15.
Bb5 Nc6 16. Bf2 1/2-1/2

[Event "27th Czech Open A 2016"]
[Site "Pardubice CZE"]
[Date "2016.07.26"]
[Round "5.23"]
[White "Roy, Prantik"]
[Black "Plat, Vojtech"]
[Result "0-1"]
[WhiteTitle "IM"]
[BlackTitle "IM"]
[WhiteElo "2403"]
[BlackElo "2498"]
[WhiteFideId "5035120"]
[BlackFideId "325740"]
[EventDate "2016.07.22"]

1. d4 Nf6 2. Nf3 e6 3. Bf4 c5 4. c3 Nc6 5. e3 d5 6. Nbd2 Bd6 7. Bg3 O-O 8. Bd3
Qe7 9. Ne5 Nd7 10. f4 f5 11. Nxd7 Bxd7 12. Nf3 Be8 13. Ne5 Bxe5 14. fxe5 cxd4
15. exd4 f4 16. Bf2 Qg5 17. Qf3 Bg6 18. h4 Qh6 19. h5 Bxd3 20. Qxd3 Ne7 21.
O-O-O Nf5 22. Kb1 Qg5 23. Rdg1 Rf7 24. g4 fxg3 25. Bxg3 Qe3 26. Qxe3 Nxe3 27.
Bh4 h6 28. Rh3 Nf5 29. Rg6 Nxh4 30. Rxh4 Rf1+ 31. Kc2 Kf7 32. Rg2 Rg8 33. Rhh2
g5 34. hxg6+ Rxg6 35. Rxg6 Kxg6 36. Rg2+ Kh7 37. a4 h5 38. Rh2 Kg6 39. b3 Rf4
40. Rg2+ Rg4 41. Rxg4+ hxg4 42. Kd2 Kg5 43. Ke3 g3 44. Kf3 Kh4 45. Kg2 Kg4 46.
a5 a6 47. Kg1 Kf3 48. Kf1 Ke3 0-1

[Event "27th Czech Open A 2016"]
[Site "Pardubice CZE"]
[Date "2016.07.26"]
[Round "5.24"]
[White "Bebel, Arkadiusz"]
[Black "Belyakov, Bogdan"]
[Result "1/2-1/2"]
[WhiteTitle "FM"]
[BlackTitle "IM"]
[WhiteElo "2298"]
[BlackElo "2488"]
[WhiteFideId "1132679"]
[BlackFideId "24104795"]
[EventDate "2016.07.22"]

1. e4 e5 2. Nc3 Nf6 3. g3 d5 4. exd5 Nxd5 5. Bg2 Nxc3 6. bxc3 Bc5 7. d3 O-O 8.
Nf3 Nc6 9. O-O Bg4 10. h3 Bh5 11. Qe1 Qd6 12. Nd2 f5 13. Rb1 Bf7 14. Nb3 Bb6 15.
c4 f4 16. Kh2 f3 17. Bxf3 Bxc4 18. Be4 Bd5 19. f3 Nd4 20. Nxd4 Bxd4 21. Ba3 Bc5
22. Qa5 b6 23. Bxc5 bxc5 24. Qa4 Bxe4 25. Qxe4 Rab8 26. Rfe1 Qd4 27. Kg2 Qxe4
28. fxe4 Rb6 29. Rb3 c4 30. dxc4 Rd8 31. Re2 Rd4 32. c5 Rc6 33. Ra3 1/2-1/2

[Event "27th Czech Open A 2016"]
[Site "Pardubice CZE"]
[Date "2016.07.26"]
[Round "5.25"]
[White "Potapov, Pavel"]
[Black "Kantsler, Boris"]
[Result "1-0"]
[WhiteTitle "GM"]
[BlackTitle "GM"]
[WhiteElo "2483"]
[BlackElo "2395"]
[WhiteFideId "4169786"]
[BlackFideId "2805359"]
[EventDate "2016.07.22"]

1. e4 g6 2. d4 Bg7 3. Nc3 c6 4. Nf3 d6 5. Be3 Nf6 6. Qd2 Bg4 7. Be2 b5 8. h3 Bc8
9. Bd3 O-O 10. Bh6 b4 11. Ne2 a5 12. Ng3 Kh8 13. e5 Bxh6 14. Qxh6 Ng8 15. Qd2
dxe5 16. dxe5 Ba6 17. h4 Bxd3 18. cxd3 h5 19. d4 e6 20. Ne4 Kg7 21. Nd6 Nh6 22.
Ng5 Qe7 23. Rc1 Ra6 24. O-O Nd7 25. Rfe1 Ng4 26. Qd3 Rb6 27. Qe4 Nb8 28. f3 Nh6
29. g4 hxg4 30. fxg4 b3 31. a3 a4 32. Rf1 Ra6 33. Rf6 Nd7 34. Rcf1 Kg8 35. Ndxf7
Ra5 1-0

[Event "27th Czech Open A 2016"]
[Site "Pardubice CZE"]
[Date "2016.07.26"]
[Round "5.26"]
[White "Satyapragyan, Swayangsu"]
[Black "Drnovsek, Gal"]
[Result "0-1"]
[WhiteTitle "IM"]
[BlackTitle "FM"]
[WhiteElo "2467"]
[BlackElo "2359"]
[WhiteFideId "5004306"]
[BlackFideId "14607077"]
[EventDate "2016.07.22"]

1. e4 c5 2. Nf3 d6 3. d4 Nf6 4. Nc3 cxd4 5. Nxd4 a6 6. Be2 Nbd7 7. O-O g6 8. Re1
Bg7 9. Bg5 O-O 10. Qd2 Qc7 11. Bf1 Re8 12. Rad1 b5 13. Nd5 Nxd5 14. exd5 Nb6 15.
Nc6 e6 16. b3 Bb7 17. c4 bxc4 18. bxc4 Bxc6 19. dxc6 Bf8 20. Bh6 Bxh6 21. Qxh6
Qxc6 22. Re3 Ra7 23. Rh3 f5 24. Rd4 Qc5 25. Rdh4 Qe5 26. Qg5 Rf8 27. Qd2 f4 28.
Qb4 Nc8 29. Qb1 Raf7 30. g3 Ne7 31. g4 Qg5 32. Kh1 Nc6 33. Qd3 Ne5 34. Qxd6 Nxg4
35. Qd2 h5 36. Qc2 Rd8 0-1

[Event "27th Czech Open A 2016"]
[Site "Pardubice CZE"]
[Date "2016.07.26"]
[Round "5.27"]
[White "Gurevich, Daniel"]
[Black "Tate, Alan"]
[Result "1-0"]
[WhiteTitle "IM"]
[BlackTitle "FM"]
[WhiteElo "2459"]
[BlackElo "2331"]
[WhiteFideId "2044676"]
[BlackFideId "2401878"]
[EventDate "2016.07.22"]

1. d4 d5 2. c4 c6 3. Nf3 Nf6 4. Nc3 e6 5. cxd5 exd5 6. Bg5 Be7 7. e3 Bf5 8. Nh4
Be6 9. Bd3 h6 10. Bf4 Ne4 11. Nf3 Nd6 12. Qc2 Nd7 13. h3 Nf6 14. Ne5 Nfe4 15.
O-O Nf6 16. Na4 Nd7 17. Nc5 Nxc5 18. dxc5 Ne4 19. Bxe4 dxe4 20. Qxe4 Bxc5 21.
Nxc6 Qb6 22. Ne5 O-O 23. Nd3 Be7 24. Be5 Rfe8 25. Bd4 Qb5 26. Qe5 Qxe5 27. Nxe5
Rec8 28. Rfc1 Rxc1+ 29. Rxc1 Bxa2 30. Rc7 Bd6 31. Rxb7 Bxe5 32. Bxe5 a5 33. g4
a4 34. Kh2 Rd8 35. Bd4 Rc8 36. Ra7 Bb3 37. h4 Rc2 38. Kg2 Rc1 39. g5 hxg5 40.
hxg5 Kh7 41. Ra6 Rc7 42. Kg3 Bc2 43. Kf4 Re7 44. Rc6 Be4 45. Rc4 a3 46. bxa3 Bd3
47. Rc3 Bf1 48. Rc6 Rb7 49. a4 Rb4 50. a5 Ra4 51. Rc5 Be2 52. Ke5 Bf3 53. Kd6
Ra2 54. Rf5 Bh5 55. f4 Kg6 56. Rc5 Bg4 57. Kc7 Bf3 58. Kb6 Be2 59. f5+ Kh5 60.
g6 1-0

[Event "27th Czech Open A 2016"]
[Site "Pardubice CZE"]
[Date "2016.07.26"]
[Round "5.28"]
[White "Frolov, Artur"]
[Black "Pultinevicius, Paulius"]
[Result "1/2-1/2"]
[WhiteTitle "IM"]
[WhiteElo "2455"]
[BlackElo "2325"]
[WhiteFideId "14100134"]
[BlackFideId "12809390"]
[EventDate "2016.07.22"]

1. e4 e5 2. Nf3 Nf6 3. Nxe5 d6 4. Nf3 Nxe4 5. d4 d5 6. Bd3 Nc6 7. O-O Be7 8. c4
Nb4 9. Be2 Bf5 10. Nc3 O-O 11. a3 Nxc3 12. bxc3 Nc6 13. Re1 Re8 14. Bf4 Be4 15.
Nd2 Bg5 16. Bxg5 Qxg5 17. Bf3 Bxf3 18. Nxf3 Rxe1+ 19. Qxe1 Qd8 20. Qe2 h6 21.
Re1 dxc4 22. Qxc4 Qd6 23. a4 Rd8 24. h4 Qd7 25. Qb5 b6 26. Kf1 a5 27. Re3 Kf8
28. Qd3 Re8 29. Qc4 Qd6 30. Qb5 Rxe3 31. fxe3 Qg6 32. h5 Qe4 33. Nd2 Qxe3 34.
Qxc6 Qxd2 35. Qxc7 Qd1+ 36. Kf2 Qd2+ 37. Kf3 Qd3+ 38. Kf2 Qd2+ 39. Kf3 Qd3+ 40.
Kf4 Qd2+ 1/2-1/2

[Event "27th Czech Open A 2016"]
[Site "Pardubice CZE"]
[Date "2016.07.26"]
[Round "5.29"]
[White "Grekh, Andrey"]
[Black "Solozhenkin, Evgeniy"]
[Result "0-1"]
[WhiteTitle "IM"]
[BlackTitle "GM"]
[WhiteElo "2347"]
[BlackElo "2454"]
[WhiteFideId "14112418"]
[BlackFideId "4102266"]
[EventDate "2016.07.22"]

1. e4 c6 2. d4 d5 3. e5 Bf5 4. Nf3 e6 5. Be2 c5 6. Be3 Qb6 7. Nc3 c4 8. Na4 Qa5+
9. c3 b5 10. Nc5 Bxc5 11. dxc5 Nc6 12. O-O Nge7 13. Bd4 b4 14. Nh4 bxc3 15. bxc3
O-O 16. g4 Be4 17. f3 Bg6 18. f4 Be4 19. Qc1 Nxd4 20. cxd4 Nc6 21. Qe3 c3 22.
Rac1 c2 23. Bf3 Qa4 24. Bxe4 dxe4 25. Qxe4 Qxd4+ 26. Qxd4 Nxd4 27. Rf2 Rac8 28.
Rd2 Rfd8 29. Kg2 Rd5 30. Rf2 Rdxc5 31. Nf3 Nxf3 32. Kxf3 Rc3+ 33. Kg2 Kf8 34. h3
h6 35. Re2 Ke7 36. Rd2 R8c4 37. Rf2 Kd7 38. f5 exf5 39. gxf5 Rc5 40. Rd2+ Ke7
41. f6+ gxf6 42. exf6+ Kxf6 43. Re2 Kg6 44. Rf2 a5 45. a4 f5 46. Re2 Kg5 47. Rd2
R5c4 48. Re2 Kh4 0-1

[Event "27th Czech Open A 2016"]
[Site "Pardubice CZE"]
[Date "2016.07.26"]
[Round "5.30"]
[White "Smith, Bryan G"]
[Black "Antonio, Viani D'cunha"]
[Result "1-0"]
[WhiteTitle "GM"]
[WhiteElo "2453"]
[BlackElo "2305"]
[WhiteFideId "2017083"]
[BlackFideId "5027330"]
[EventDate "2016.07.22"]

1. e4 c5 2. Nf3 e6 3. d4 cxd4 4. Nxd4 a6 5. c4 Qc7 6. Nc3 Nf6 7. Be2 b6 8. O-O
Bb7 9. Qd3 d6 10. f4 Nbd7 11. b4 Be7 12. a3 Rc8 13. Bb2 h5 14. Rac1 h4 15. f5
Ne5 16. Qh3 exf5 17. Nxf5 g6 18. Nd5 Nxd5 19. cxd5 Qd7 20. Ng7+ Kd8 21. Ne6+
fxe6 22. dxe6 Qa4 23. Bxe5 dxe5 24. Qd3+ Ke8 25. Qd7+ Qxd7 26. exd7+ Kxd7 27.
Bg4+ Kd8 28. Rfd1+ Ke8 29. Bxc8 Bxe4 30. Bxa6 Kf7 31. Re1 Ba8 32. Rxe5 Bd6 33.
Rf1+ Kg7 34. Re6 Rd8 35. Be2 Bd5 36. Re3 g5 37. Rd1 Bf4 38. Red3 Re8 39. Bh5 1-0

[Event "27th Czech Open A 2016"]
[Site "Pardubice CZE"]
[Date "2016.07.26"]
[Round "5.31"]
[White "Swicarz, Maciej"]
[Black "Malakhov, Igor"]
[Result "1/2-1/2"]
[BlackTitle "IM"]
[WhiteElo "2292"]
[BlackElo "2451"]
[WhiteFideId "1113585"]
[BlackFideId "4183088"]
[EventDate "2016.07.22"]

1. e4 c5 2. Nf3 e6 3. d4 cxd4 4. Nxd4 a6 5. Nc3 Ne7 6. Be2 Nec6 7. Nb3 b5 8. O-O
Be7 9. Be3 O-O 10. f4 d6 11. Qe1 Nd7 12. Rd1 Qc7 13. Rf3 Nf6 14. Bd3 b4 15. Na4
Rb8 16. c4 bxc3 17. Nxc3 g6 18. h3 Bb7 19. Rf2 Rfc8 20. Rfd2 Na5 21. Nxa5 Qxa5
22. Ba7 Ra8 23. Qf2 Nd7 24. Be3 Rab8 25. Bb1 Ba8 26. Kh1 Nb6 27. Bxb6 Rxb6 28.
a3 Rbb8 29. f5 Qe5 30. fxe6 fxe6 31. Qa7 Bb7 32. Ba2 d5 33. Qd4 Qxd4 34. Rxd4
Bf6 35. R4d2 Kg7 36. exd5 exd5 37. Nxd5 Bxd5 38. Bxd5 Rxb2 39. Rxb2 Bxb2 40. Bb7
Rc1 1/2-1/2

[Event "27th Czech Open A 2016"]
[Site "Pardubice CZE"]
[Date "2016.07.26"]
[Round "5.32"]
[White "Lintchevski, Daniil"]
[Black "Kathmale, Sameer"]
[Result "1-0"]
[WhiteTitle "GM"]
[BlackTitle "IM"]
[WhiteElo "2548"]
[BlackElo "2298"]
[WhiteFideId "4171055"]
[BlackFideId "5024498"]
[EventDate "2016.07.22"]

1. e4 c6 2. d4 d5 3. Nd2 dxe4 4. Nxe4 Bf5 5. Ng3 Bg6 6. h4 h6 7. Nf3 Nd7 8. h5
Bh7 9. Bd3 Bxd3 10. Qxd3 e6 11. Bd2 Ngf6 12. O-O-O Be7 13. Kb1 O-O 14. Ne4 Nxe4
15. Qxe4 Nf6 16. Qe2 Qd5 17. Ne5 Qe4 18. Qxe4 Nxe4 19. Be1 Rfd8 20. f3 Nf6 21.
Bf2 Nd7 22. c4 a6 23. Nd3 b5 24. c5 a5 25. a4 bxa4 26. Kc2 Bf6 27. Ra1 e5 28.
Rxa4 exd4 29. Re1 Nf8 30. Rea1 Ne6 31. Rxa5 Rxa5 32. Rxa5 Kf8 33. Ra6 Rc8 34.
Kb3 Ke7 35. Kc4 Kd7 36. Bg3 Nc7 37. Ra7 Kd8 38. Be5 Bxe5 39. Nxe5 Ke8 40. b4 Ne6
41. Nxf7 Rb8 42. Ne5 Rc8 43. g4 Kf8 44. Ng6+ 1-0

[Event "27th Czech Open A 2016"]
[Site "Pardubice CZE"]
[Date "2016.07.26"]
[Round "5.33"]
[White "Novikov, Stanislav"]
[Black "Seger, Ruediger"]
[Result "1-0"]
[WhiteTitle "GM"]
[BlackTitle "IM"]
[WhiteElo "2528"]
[BlackElo "2368"]
[WhiteFideId "4125371"]
[BlackFideId "4617274"]
[EventDate "2016.07.22"]

1. Nf3 Nf6 2. c4 g6 3. b3 Bg7 4. Bb2 O-O 5. d3 c6 6. Nbd2 d5 7. Qc2 Nbd7 8. e3
Re8 9. d4 e5 10. dxe5 Ng4 11. e6 fxe6 12. Bxg7 Kxg7 13. Be2 c5 14. O-O b6 15. b4
Bb7 16. bxc5 Nxc5 17. cxd5 exd5 18. a4 Qf6 19. a5 Rac8 20. axb6 axb6 21. Ra7 Kh8
22. h3 Ne5 23. Nxe5 Qxe5 24. Nf3 Qf6 25. Qd2 Ra8 26. Rxa8 Rxa8 27. Nd4 Rc8 28.
Bf3 Rd8 29. Rb1 Rd6 30. Qa2 Qd8 31. Qa7 Ba6 32. Qf7 Bc4 33. Ra1 Rf6 34. Ra8 Qxa8
35. Qxf6+ Kg8 36. Nc6 1-0

[Event "27th Czech Open A 2016"]
[Site "Pardubice CZE"]
[Date "2016.07.26"]
[Round "5.34"]
[White "Kourousis, Epaminondas"]
[Black "Kovalev, Andrei"]
[Result "1/2-1/2"]
[WhiteTitle "IM"]
[BlackTitle "GM"]
[WhiteElo "2382"]
[BlackElo "2513"]
[WhiteFideId "4211626"]
[BlackFideId "13500023"]
[EventDate "2016.07.22"]

1. d4 g6 2. Nf3 Bg7 3. Bg5 c5 4. c3 Qb6 5. Qb3 Qxb3 6. axb3 cxd4 7. cxd4 Nc6 8.
e3 h6 9. Bh4 Nf6 10. Bxf6 Bxf6 11. Nc3 Bg7 12. Bb5 Kd8 13. O-O d6 14. Rfc1 Bd7
15. Nd2 e6 16. Nc4 Ke7 17. d5 Bxc3 18. dxc6 bxc6 19. Bxc6 Bxc6 20. bxc3 Rhc8 21.
Ra5 Rc7 22. h4 Rb8 23. Nd2 f5 24. Rca1 Rbb7 25. R1a3 g5 26. hxg5 hxg5 27. c4 g4
28. Ra6 Kf6 29. Ra1 d5 30. R1a5 dxc4 31. bxc4 Bd7 32. Kf1 Bc8 33. Ra2 Rd7 34.
Rc6 Rb8 35. Rc5 Bb7 36. Rb5 Rh8 37. e4 fxe4 38. Rb3 a6 39. Re3 Kf5 40. Ke2 Rh1
41. Ra5+ e5 42. Nf1 Rh6 1/2-1/2

[Event "27th Czech Open A 2016"]
[Site "Pardubice CZE"]
[Date "2016.07.26"]
[Round "5.35"]
[White "Krejci, Jan2"]
[Black "Sindarov, Javokhir"]
[Result "1/2-1/2"]
[WhiteTitle "GM"]
[BlackTitle "CM"]
[WhiteElo "2504"]
[BlackElo "2374"]
[WhiteFideId "322156"]
[BlackFideId "14205483"]
[EventDate "2016.07.22"]

1. e4 d6 2. d4 Nf6 3. Nc3 e5 4. Nf3 Nbd7 5. Bc4 Be7 6. O-O O-O 7. a4 c6 8. Re1
Qc7 9. h3 b6 10. b3 Bb7 11. Bb2 a6 12. Bd3 Rfe8 13. Ne2 b5 14. Ng3 Bf8 15. Qd2
g6 16. b4 Bg7 17. axb5 axb5 18. Rxa8 Bxa8 19. dxe5 dxe5 20. Ra1 Bb7 21. c4 bxc4
22. Bxc4 h6 23. Qc2 Nb6 24. Bb3 Nfd7 25. Ne1 c5 26. Rc1 Rc8 27. bxc5 Nxc5 28.
Nd3 Nbd7 29. Qc4 Ne6 30. Qb4 Qb8 31. Rxc8+ Bxc8 32. Qxb8 Nxb8 33. Bxe5 Nc6 34.
Bxg7 Kxg7 35. Bxe6 Bxe6 36. f3 Bc4 37. Nb2 Bb5 38. Kf2 Nd4 39. Nd1 Ne6 40. Nc3
Ba6 41. Ke3 h5 42. h4 Bc4 43. Nh1 Bf1 44. g3 Kf6 45. Nd5+ Ke5 46. Nf2 Bc4 47.
f4+ Kd6 48. Nc3 Ba6 49. Nh3 f6 50. Ng1 Bb7 51. Nf3 Nc5 52. Nd4 Ke7 53. Ndb5 Bc6
54. Na3 Bb7 55. Nc4 Bc6 56. Nd5+ Kf7 57. Nc3 Ke7 58. Nd2 Kd6 59. Ne2 Bb7 60. Nd4
Ke7 61. N4b3 Ne6 62. Nf3 Ba8 63. Nfd4 Nf8 64. Nc5 Kd6 65. Nd3 Ke7 66. f5 gxf5
67. Nxf5+ Kf7 68. Nf4 Nd7 69. Kd4 Nf8 70. Nd6+ Ke7 71. Nc8+ Kf7 72. Nb6 Bc6 73.
Nbd5 Nd7 74. Nxh5 Ba4 75. Nhf4 Ne5 76. Nd3 Nc6+ 77. Ke3 Bb3 78. Kf4 Nd4 79. Ke3
Nc6 80. N5b4 Ne7 81. Nc5 Bc4 82. Ncd3 Bb3 83. Nf4 Bd1 84. Kd4 Bf3 85. Nfd5 Nc8
86. Ke3 Bd1 87. Nc6 Ba4 88. Nd8+ Ke8 89. Nb7 Kf7 90. Kf4 Bd7 91. g4 Na7 92. h5
Nb5 93. Nc5 Bc6 94. Nb3 Be8 95. Ne3 Nc3 96. Nd4 Na4 97. Nc4 Bd7 98. Nd6+ Kf8 99.
N4f5 Nc5 100. Ke3 Ne6 101. Nh4 Ng5 102. Ng6+ Kg7 103. Nf5+ Kf7 104. Nf4 Ba4 105.
Nd4 Bd7 106. Nf5 Ba4 107. Ne2 Bd7 108. Ned4 Ba4 109. Nf3 Ne6 110. N5d4 Nc5 111.
Ne1 Bd1 112. Ndf3 Kg7 113. Ng2 Bc2 114. e5 fxe5 115. Nxe5 Ne4 116. Kf4 Nc5 117.
Nf3 Ba4 118. Ne3 Nd3+ 119. Kg5 Nf2 120. Ne5 Be8 121. h6+ Kh7 122. Nd5 Ne4+ 123.
Kf4 Kxh6 124. Kxe4 Bh5 125. gxh5 Kxh5 126. Ng6 1/2-1/2

[Event "27th Czech Open A 2016"]
[Site "Pardubice CZE"]
[Date "2016.07.26"]
[Round "5.36"]
[White "Zumsande, Martin"]
[Black "Obsivac, Josef"]
[Result "1/2-1/2"]
[WhiteTitle "IM"]
[BlackTitle "FM"]
[WhiteElo "2487"]
[BlackElo "2365"]
[WhiteFideId "4651324"]
[BlackFideId "303690"]
[EventDate "2016.07.22"]

1. e4 c5 2. c3 d6 3. d4 Nf6 4. Bd3 g6 5. dxc5 dxc5 6. e5 Nh5 7. Be3 Qc7 8. f4 b6
9. Nf3 Nc6 10. O-O Bh6 11. g3 O-O 12. Nbd2 Bh3 13. Re1 f6 14. Qa4 Rad8 15. Be4
Bd7 16. Qc2 Be8 17. Re2 f5 18. Bd3 Bf7 19. b4 cxb4 20. cxb4 Rxd3 21. Qxd3 Nxb4
22. Qa3 a5 23. Qb2 Rc8 24. a3 Nd5 25. Bd4 e6 26. Ree1 Qd8 27. Rac1 Rxc1 28. Rxc1
g5 29. Nc4 gxf4 30. Nd6 Qd7 31. Rc8+ Bf8 32. Bxb6 fxg3 33. Bc5 Qxc8 34. Nxc8
Bxc5+ 35. Kh1 Ndf4 36. Nh4 Nd3 37. Qb5 Nf2+ 38. Kg2 gxh2 39. Kxh2 Ng4+ 40. Kh1
Ng3+ 41. Kg2 Ne4 42. Nd6 Bxa3 43. Nc4 Bb4 44. Nxa5 Ne3+ 45. Kh1 Be1 46. Ng2 Nxg2
47. Kxg2 Kg7 48. Nc4 Bh4 49. Nd6 Be7 50. Qd7 Kf8 51. Qc8+ Kg7 52. Qc7 Kf8 53.
Qb8+ Kg7 54. Nxe4 fxe4 55. Qb7 Kf8 56. Qxe4 Bg6 57. Qf4+ Bf5 58. Qh6+ Kf7 59.
Kf3 Bg6 60. Ke3 Bc5+ 61. Ke2 Be7 62. Kd1 Bf5 63. Ke2 Bg6 64. Qf4+ Bf5 65. Qh6 1/2-1/2

[Event "27th Czech Open A 2016"]
[Site "Pardubice CZE"]
[Date "2016.07.26"]
[Round "5.37"]
[White "Sabuk, Piotr"]
[Black "Haba, Petr"]
[Result "1/2-1/2"]
[WhiteTitle "IM"]
[BlackTitle "GM"]
[WhiteElo "2363"]
[BlackElo "2484"]
[WhiteFideId "1137565"]
[BlackFideId "300160"]
[EventDate "2016.07.22"]

1. d4 d5 2. c4 c6 3. Nf3 Nf6 4. Nc3 a6 5. a4 e6 6. g3 a5 7. Bg2 Be7 8. O-O O-O
9. Nd2 Na6 10. e4 Nb4 11. b3 b6 12. Ba3 Bb7 13. Re1 Rc8 14. e5 Ne8 15. Nf1 Rc7
16. Re2 Rd7 17. Rd2 Nc7 18. Ne3 Qa8 19. Qg4 Rfd8 20. Rad1 f5 21. exf6 Bxf6 22.
cxd5 exd5 23. Ne2 Bc8 1/2-1/2

[Event "27th Czech Open A 2016"]
[Site "Pardubice CZE"]
[Date "2016.07.26"]
[Round "5.38"]
[White "Erenberg, Ariel"]
[Black "Gavrilov, Alexei1"]
[Result "0-1"]
[WhiteTitle "FM"]
[BlackTitle "GM"]
[WhiteElo "2359"]
[BlackElo "2465"]
[WhiteFideId "2811634"]
[BlackFideId "4104358"]
[EventDate "2016.07.22"]

1. d4 Nf6 2. c4 e6 3. Nf3 d5 4. e3 b6 5. Bd3 Bb7 6. cxd5 exd5 7. O-O Bd6 8. a4
O-O 9. b3 Nc6 10. Ba3 Nb4 11. Bxb4 Bxb4 12. Nbd2 c5 13. Rc1 Qe7 14. Ne5 Rac8 15.
Qe2 g6 16. Rfd1 Kg7 17. Ba6 Bxd2 18. Rxd2 cxd4 19. Rxc8 Rxc8 20. Bxb7 Rc1+ 21.
Rd1 Rxd1+ 22. Qxd1 dxe3 23. Qa1 exf2+ 24. Kxf2 Qxb7 25. Ke3 Qe7 26. Kd3 Qb4 27.
Nd7 Qxb3+ 28. Kd2 Qb4+ 29. Kd3 Qe4+ 0-1

[Event "27th Czech Open A 2016"]
[Site "Pardubice CZE"]
[Date "2016.07.26"]
[Round "5.39"]
[White "Tomazini, Aljosa"]
[Black "Gusain, Himal"]
[Result "0-1"]
[WhiteTitle "FM"]
[WhiteElo "2359"]
[BlackElo "2453"]
[WhiteFideId "14608154"]
[BlackFideId "5033861"]
[EventDate "2016.07.22"]

1. d4 d5 2. c4 e6 3. Nc3 c6 4. e3 Bd6 5. Bd2 f5 6. g4 Nf6 7. gxf5 exf5 8. cxd5
cxd5 9. Qb3 Nc6 10. Nxd5 Ne4 11. Nf3 Bd7 12. Nc3 Qe7 13. Nb5 Bb8 14. d5 Ne5 15.
Nbd4 Bd6 16. Nxe5 Bxe5 17. Bb4 Qh4 18. O-O-O Qxf2 19. Be1 Rc8+ 20. Kb1 Qxe1 21.
Rxe1 Nd2+ 22. Ka1 Nxb3+ 23. Nxb3 Rc2 24. Nd4 Rd2 25. Bc4 Bxd4 26. exd4+ Kd8 27.
h4 Rxd4 28. Bb3 Re8 29. Reg1 Rg4 30. Rc1 Re5 31. Rc3 Rxh4 32. Rhc1 Rhe4 33. Bd1
Re1 0-1